Rome across time and space : cultural transmission and the exchange of ideas c. 500-1400 /

Guardado en:
Otros Autores: Bolgia, Claudia, ed., Mckitterick, Rosamond, ed., Osborne, John, ed.
Formato: Libro
Publicado: New York : Cambridge University, 2011
Materias:
Etiquetas: Agregar Etiqueta
Sin Etiquetas, Sea el primero en etiquetar este registro!
LEADER 00722nam a22002055a 4500
001 EHU.bham041203
003 AR-BHAM
005 20111011143546.0
008 130507s2011##################000#0#####d
020 |a 9780521192170 
082 9 3 |a 937.07 
245 0 0 |a Rome across time and space :  |b cultural transmission and the exchange of ideas c. 500-1400 /  |c  Edited By Claudia Bolgia, Rosamond Mckitterick And John Osborne 
260 |a New York :  |b Cambridge University,  |c 2011 
300 |a 351 p. 
653 |a Roma-historia de 
653 |a Roma-cultura de 
700 1 |a Bolgia, Claudia, ed. 
700 1 |a Mckitterick, Rosamond, ed. 
700 1 |a Osborne, John, ed. 
859 |a AR-BHAM  |b BIB. HUMANIDADES - General  |h 937.07  |i R664  |p 458.11  |t Ej.1